| 000 | 00915nam a22002177a 4500 | ||
|---|---|---|---|
| 001 | 49333 | ||
| 003 | BD-RjUL | ||
| 005 | 20211209054651.0 | ||
| 008 | 160820s1977 bg ||||| |||| 00| 0 ben d | ||
| 035 | _a(BD-RjUL)49452 | ||
| 040 |
_aBD-RjUL _bben _cBD-RjUL |
||
| 041 | _aben | ||
| 082 |
_223 _a891.709 _bKOA 1977 |
||
| 100 |
_aকোরায়শী, গোলাম সামদানী _9145732 |
||
| 245 | 1 | 0 |
_aআরবী সাহিত্যের সংক্ষিপ্ত ইতিহাস / _c গোলাম সামদানী কোরায়শী |
| 260 |
_aঢাকা : _bবাংলা একাডেমী, _c১৯৭৭ |
||
| 300 |
_a১৮২ পৃ. ; _c২১ সেমি. |
||
| 650 |
_aআরবী সাহিত্য _xইতিহাস ও সমালোচনা _9148161 |
||
| 650 |
_aArabic Literature _xHistory & Criticism _9148162 |
||
| 942 |
_2ddc _cBK |
||
| 999 |
_c49333 _d49333 |
||